000 00859nab a2200253 u 4500
001 16517
003 HDC
007 cr bn ---aaaaa
008 210221c20091029xx dr|noo 0 a eng d
040 _aHDC
100 _aLiau, Y-Sing
_eauthor
_916282
245 0 _aInterview: World halal standard plausible, Malaysia says / by
_cLiau Y-Sing
260 _a[No place] :
_b[publisher not identified],
_c2009
336 _atext
_2rdacontent
337 _acomputer
_2rdamedia
338 _aonline resource
_2rdacarrier
650 _ahalal industry
_zMalaysia
_9204
650 _aHalal products
_9642
710 _aHalal Focus
856 _zRequest full-text at [email protected]
942 _2lcc
942 _cNEWS
942 _kNWSO 005712
999 _c13833
_d13833